Reprodukce postaru?

Polemická reakcia na článok "Účetnictví v období inflace" (Účtovníctvo 2-3/1991), kde bola nesprávne chápaná obnova a prostá reprodukcia ako stacionárny a technologický nehybný model. Dôvody, prečo to nemusí byť vždy tak. Niektoré dôsledky a súvislosti rozdielneho chápania.

Salvato in:
Dettagli Bibliografici
Autore principale: Blatný, M.
Natura: Capitolo di libro
Lingua:ceco
Soggetti:
Tags: Aggiungi Tag
Nessun Tag, puoi essere il primo ad aggiungerne!!

MARC

LEADER 00000naa a2200000 4500
001 r006797
005 20221125081457.2
041 0 |a cze 
044 |a [CS] 
245 1 0 |a Reprodukce postaru?  |c M. Blatný 
520 |a Polemická reakcia na článok "Účetnictví v období inflace" (Účtovníctvo 2-3/1991), kde bola nesprávne chápaná obnova a prostá reprodukcia ako stacionárny a technologický nehybný model. Dôvody, prečo to nemusí byť vždy tak. Niektoré dôsledky a súvislosti rozdielneho chápania. 
610 2 0 |a reprodukcia prostriedkov základných 
610 2 0 |a reprodukcia jednoduchá 
610 2 0 |a odpisy 
610 2 0 |a technológie nové 
100 1 |a Blatný, M.